00593 2200229 4500001002100000005001500021035002000036008004100056245006500097100002100162250001000183260003700193300003000230020002300260084001400283082000800297650001800305990001000323990001000333990001000343990001000353INLIS00000000001205420260424084147 a0010-0426000025260424 e 0 ind 1 aMaaf, orgasme bukan hanya urusan kelamin /cEster Pandiangan aEster Pandiangan aCet.3 aYogyakarta :bMojok Group,c2022 axxiv, 231 hlm ;c13x19 cm a978-623-52800-00-4 a176 EST m a176 4aEtika Seksual a58280 a58279 a58281 a58282